000 01880cam a22004694i 4500
003 PE-LiUPU
005 20250731173315.0
008 150625s2001 miu rb 000 0 spa d
020 _a1558830391
035 _a(Sirsi) i9781558830394
040 _aPE-LiUPU
_bspa
_cPE-LiUPU
_erda
049 _aPRUA
082 0 4 _a227.84
_bH39
_221
100 1 _aHendriksen, William,
_d1900- ,
_eautor.
245 1 0 _aComentario al Nuevo Testamento :
_bexposición de las Epistolas Pastorales 1 y 2 Timoteo y Tito /
_cWilliam Hendriksen.
264 1 _aMichigan :
_bLibros Desafío,
_c2001.
300 _a460 páginas ;
_c24 centímetros
336 _atext
_2rdacontent
337 _aunmediated
_2rdamedia
338 _avolume
_2rdacarrier
504 _aIncluye bibliografía.
505 0 _aIntroducciones a las epístolas pastorales -- ¿Por qué debiéramos estudiarlas? -- ¿Quién escribió las pastorales? -- A quienes fueron dirigidas? -- ¿Cuál es su trasfondo histórico y su propósito -- comentario sobre 1 Timoteo -- Comentario 2 Timoteo -- Comentario sobre Tito.
526 _aSEG42
526 _aSEG41
526 _aSEG40
526 _aSEG39
526 _aP94
526 _aP87
526 _aP86
526 _aP85
526 _aP77
526 _aP76
526 _aP35
541 _g001-0000127;
630 _aBiblia.
_pN.T.
_pTimoteo
_xComentarios.
630 _aBiblia.
_pN.T.
_pTito
_xComentarios.
942 _2ddc
_cBOOK
949 _a227.84 H39
_wDEWEY
_c1
_i56415
_lCCODEBUL1
_mBUL
_p9.00
_r0
_sY
_tBOOK
_u2015-6-25
_xTEOLOGIA
_zUNKNOWN
_0COMPRA
_o.STAFF. Colección General
994 _aC0
_bPEPRU
596 _a1
999 _a227.84 H39
_wDEWEY
_c45663
_i56415
_d45663
_e2017-10-25
_f2021-11-9
_g5
_lCCODEBUL1
_mBUL
_n1
_p9.00
_q13
_r0
_sY
_tBOOK
_u2015-6-25
_xTEOLOGIA
_zUNKNOWN
_0COMPRA
_o.STAFF. Colección Teología
980 _81
_gALBERTO SANCHEZ Responsable de Automatización